[Event "ESP-ch U16 Rapid"]
[Site "Salobrena"]
[Date "2022.07.31"]
[Round "6"]
[White "Marrero Rodriguez, Jorge"]
[Black "Macias de Castro, Alberto"]
[Result "1-0"]
[WhiteElo "1707"]
[BlackElo "1468"]
[PlyCount "53"]
[EventDate "2022.07.30"]
[EventType "swiss (rapid)"]
[EventRounds "9"]
[EventCountry "ESP"]
[SourceTitle "EXT 2023"]
[Source "ChessBase"]
[SourceDate "2022.10.05"]
[SourceVersion "1"]
[SourceVersionDate "2022.10.05"]
[SourceQuality "1"]

1. e4 e6 2. d4 d5 3. Nc3 Bb4 4. Nge2 dxe4 5. a3 Bxc3+ 6. Nxc3 Nc6 7. Bf4 a6 8. d5 exd5 9. Nxd5 Be6 10. Nxc7+ Kf8 11. Nxa8 Qxa8 12. Be2 g6 13. Qd6+ Kg7 14. Be5+ Nxe5 15. Qxe5+ Nf6 16. g4 h6 17. 0-0-0 Re8 18. Rd6 Qa7 19. h4 Qxf2 20. g5 Qe3+ 21. Rd2 h5 22. Qxf6+ Kh7 23. Qd4 Qf4 24. Rf1 Qxh4 25. Bc4 Qxg5 26. Bxe6 Rxe6 27. Rxf7+ 1-0

[Event "ESP-ch U16 Rapid"]
[Site "Salobrena"]
[Date "2022.07.30"]
[Round "2"]
[White "Aguado Doncel, Pablo Luis"]
[Black "Macias de Castro, Alberto"]
[Result "1-0"]
[WhiteElo "1674"]
[BlackElo "1468"]
[PlyCount "105"]
[EventDate "2022.07.30"]
[EventType "swiss (rapid)"]
[EventRounds "9"]
[EventCountry "ESP"]
[SourceTitle "EXT 2023"]
[Source "ChessBase"]
[SourceDate "2022.10.05"]
[SourceVersion "1"]
[SourceVersionDate "2022.10.05"]
[SourceQuality "1"]

1. d4 Nf6 2. c4 e5 3. dxe5 Ng4 4. Nf3 Bc5 5. e3 Nc6 6. Nc3 Ngxe5 7. Nxe5 Nxe5 8. f4 Nc6 9. Bd3 d6 10. 0-0 Qe7 11. Nd5 Qd7 12. a3 a5 13. Kh1 Ne7 14. Nc3 b6 15. Be4 c6 16. Rb1 b5 17. cxb5 d5 18. bxc6 Qxc6 19. Nxd5 Bf5 20. Nxe7 Qxe4 21. Nxf5 Qxb1 22. Qd5 0-0 23. Qxc5 Rfe8 24. Rg1 Qd3 25. b4 axb4 26. Bb2 f6 27. Nxg7 Kxg7 28. Qg5+ Qg6 29. axb4 Rxe3 30. Bxf6+ Kf7 31. Qd5+ Kxf6 32. Qxa8 Re6 33. Qf8+ Qf7 34. Qxf7+ Kxf7 35. Rb1 Kf6 36. g3 Kf5 37. Kg2 h5 38. b5 Rb6 39. Kf3 Kg6 40. h3 Kf6 41. g4 hxg4+ 42. hxg4 Kg7 43. Ke4 Kf7 44. f5 Kg7 45. Ke5 Kf8 46. g5 Rb7 47. b6 Re7+ 48. Kd6 Re2 49. Rb5 Rd2+ 50. Kc6 Rc2+ 51. Rc5 Rb2 52. b7 Ke7 53. Kc7 1-0

[Event "ESP-ch U12"]
[Site "Salobrena Granada"]
[Date "2017.07.10"]
[Round "1"]
[White "Fernandez Lopez, Ruben"]
[Black "Macias de Castro, Alberto"]
[Result "1-0"]
[WhiteElo "2027"]
[BlackElo "1370"]
[PlyCount "47"]
[EventDate "2017.07.10"]
[EventType "swiss"]
[EventRounds "9"]
[EventCountry "ESP"]
[SourceTitle "EXT 2024"]
[Source "ChessBase"]
[SourceDate "2023.10.10"]
[SourceVersion "1"]
[SourceVersionDate "2023.10.10"]
[SourceQuality "1"]

1. e4 e6 2. d4 d5 3. Nd2 c5 4. exd5 exd5 5. Ngf3 Nc6 6. Bb5 Bd7 7. 0-0 Bd6 8. dxc5 Bxc5 9. Nb3 Qb6 10. Qxd5 Qxb5 11. Nxc5 Nf6 12. Re1+ Ne7 13. Qd6 Nfg8 14. Nd4 Qa5 15. Qxd7+ Kf8 16. Re5 Qb4 17. c3 Qc4 18. Bd2 f6 19. b3 fxe5 20. bxc4 exd4 21. Re1 dxc3 22. Bg5 Re8 23. Qe6 h6 24. Nd7# 1-0

[Event "ESP-ch U10"]
[Site "Granada"]
[Date "2016.06.29"]
[Round "4"]
[White "Macias de Castro, Alberto"]
[Black "Otero Campos, Sofia"]
[Result "1-0"]
[WhiteElo "1333"]
[BlackElo "1092"]
[PlyCount "99"]
[EventDate "2016.06.27"]
[EventType "swiss"]
[EventRounds "9"]
[EventCountry "ESP"]
[SourceTitle "EXT 2024"]
[Source "ChessBase"]
[SourceDate "2023.10.10"]
[SourceVersion "1"]
[SourceVersionDate "2023.10.10"]
[SourceQuality "1"]

1. e4 e5 2. Nf3 Nc6 3. d4 exd4 4. Nxd4 Bc5 5. Be3 Qf6 6. Nb5 Bxe3 7. fxe3 Qh4+ 8. Ke2 Qd8 9. N1c3 a6 10. Nd4 d5 11. exd5 Nf6 12. dxc6 bxc6 13. Nf3 Qe7 14. Qd4 a5 15. Qe5 Qxe5 16. Nxe5 Bb7 17. g3 c5 18. Nf3 Rd8 19. Bg2 h5 20. Rad1 Ke7 21. Rxd8 Rxd8 22. Rd1 Rh8 23. Ne1 Bxg2 24. Nxg2 Ng4 25. h3 Nf6 26. Kf3 Rh6 27. Nd5+ Nxd5 28. Rxd5 Rf6+ 29. Nf4 Rc6 30. Rxh5 Rf6 31. Ke4 Kd6 32. Rf5 Rh6 33. h4 g6 34. Rxf7 g5 35. hxg5 Rh2 36. Kd3 Rh1 37. Kc3 Rg1 38. Ne2 Rg2 39. Kd3 Ke6 40. Nf4+ Kxf7 41. Nxg2 Kg6 42. Kc4 Kxg5 43. Kxc5 Kg4 44. Kb5 Kxg3 45. Nf4 Kf3 46. Kxa5 Kxe3 47. Nd5+ Kd2 48. Nxc7 Kxc2 49. b4 Kb2 50. Kb6 1-0

[Event "ESP-ch U10"]
[Site "Granada"]
[Date "2016.06.29"]
[Round "5"]
[White "Valdivia Khudiakova, Yulia"]
[Black "Macias de Castro, Alberto"]
[Result "1-0"]
[WhiteElo "1186"]
[BlackElo "1333"]
[PlyCount "179"]
[EventDate "2016.06.27"]
[EventType "swiss"]
[EventRounds "9"]
[EventCountry "ESP"]
[SourceTitle "EXT 2024"]
[Source "ChessBase"]
[SourceDate "2023.10.10"]
[SourceVersion "1"]
[SourceVersionDate "2023.10.10"]
[SourceQuality "1"]

1. e4 e6 2. d4 d5 3. exd5 exd5 4. Bd3 Bd6 5. Nc3 c6 6. Nge2 Ne7 7. Bg5 f6 8. Bf4 Bf5 9. Bxd6 Qxd6 10. h3 Nd7 11. g4 Bg6 12. h4 c5 13. dxc5 Nxc5 14. Bxg6+ hxg6 15. Qd2 Qc6 16. 0-0-0 Rd8 17. f4 Qe6 18. Qd4 b6 19. g5 Nf5 20. Qf2 Qe3+ 21. Qxe3+ Nxe3 22. Rd4 Kf7 23. Ng3 Ng2 24. h5 Ne6 25. hxg6+ Kxg6 26. f5+ Kf7 27. fxe6+ Kxe6 28. gxf6 Rxh1+ 29. Nxh1 gxf6 30. Kd2 Ke5 31. Rg4 Nf4 32. Nf2 d4 33. Ne2 Ne6 34. Re4+ Kf5 35. Ng3+ Kg5 36. Rxe6 Kf4 37. Ne2+ Kf5 38. Re4 Kg5 39. Rxd4 Rh8 40. Rd5+ Kg6 41. Nf4+ Kf7 42. Rd7+ Kg8 43. Ne6 Rh2 44. Rd8+ Kf7 45. Ke3 Kxe6 46. Rc8 f5 47. Nd3 Kd7 48. Rc4 b5 49. Rc5 Kd6 50. Rxf5 Rxc2 51. Rd5+ Kxd5 52. Nb4+ Kc4 53. Nxc2 a5 54. Na3+ Kc5 55. Kd3 b4 56. Nc2 a4 57. Nd4 Kd5 58. a3 bxa3 59. bxa3 Kc5 60. Kc3 Kd5 61. Nb5 Kc5 62. Na7 Kb6 63. Nc8+ Kc7 64. Ne7 Kd7 65. Nf5 Kc8 66. Kb4 Kb8 67. Kxa4 Ka8 68. Ne7 Kb8 69. Kb5 Kb7 70. a4 Kc7 71. a5 Kb7 72. a6+ Ka7 73. Nc8+ Ka8 74. Ne7 Ka7 75. Nd5 Kb8 76. Kb6 Ka8 77. Nc7+ Kb8 78. a7+ Kc8 79. a8Q+ Kd7 80. Qd5+ Ke7 81. Kc6 Kf6 82. Qe6+ Kg5 83. Nd5 Kh4 84. Qg6 Kh3 85. Nf4+ Kh4 86. Nd3 Kh3 87. Kd5 Kh2 88. Ke4 Kh1 89. Nf2+ Kh2 90. Kf3 1-0